| 000 | 00545nam a22002057a 4500 | ||
|---|---|---|---|
| 003 | OSt | ||
| 005 | 20181206082240.0 | ||
| 008 | 181206b xxu||||| |||| 00| 0 spa d | ||
| 020 | _a2-86260-074-1 | ||
| 040 | _cBiblioteca Ernesto Sábato | ||
| 092 |
_a302.23 _bG946 _eJRR |
||
| 245 | _aGUIDE DES TECHNOLOGIES DE L'INFORMATION | ||
| 260 |
_aParis _bAutrement _c1984 |
||
| 300 | _a459 p. : il. | ||
| 650 | _aTECNOLOGIAS-INFORMACION | ||
| 650 | _a/JRR/ | ||
| 700 | _aBrigitte Dyan, dir. | ||
| 700 | _aGilbert Charles, dir. | ||
| 942 |
_2ddc _cJRR |
||
| 999 |
_c33300 _d33300 |
||